000 00381nam a22001577a 4500
003 MPLRDC
005 20220104144422.0
008 210129b ||||| |||| 00| 0 eng d
082 _a574.52 JUL
100 _aCLAUDE JULIEN
245 _a美利坚帝国
_c龚念平译
260 _a
_b文教出版社
_c1971
300 _b
650 _a美国政治
942 _cBK
_o574.52 JUL
999 _c49428
_d49418